000 00391nam a2200145Ia 4500
008 211109s9999||||xx |||||||||||||| ||und||
082 _a822.33
_bHAR-M
100 _aHart, H C
245 0 _aMeasure for Measure
260 _bCambridge University Press
_aNew York
_c1969
300 _a176p.
630 _xGeneral Stack
650 _aEnglish Drama
_vEnglish Literature
_xEnglish
942 _cBOOK
999 _c29246
_d29246